Song 2 - Blur (All Lyrics) - Statistics

General Stats
  • This quiz has been taken 398 times
  • The average score is 85 of 115
Answer Stats
Word % Correct
I
99%
i
99%
a
97%
my
93%
no
91%
head
89%
When
89%
got
88%
it
88%
not
86%
was
86%
Woo-hoo
85%
easy
84%
you
84%
by
81%
feel
81%
is
81%
and
80%
And
80%
but
79%
nothing
79%
wasn't
79%
Woo-hoo
79%
checked
78%
the
78%
All
76%
heavy
75%
metal
75%
jet
73%
jumbo
71%
I'm
70%
It's
69%
need
67%
of
67%
problem
67%
time
67%
young
66%
never
64%
lie
63%
to
61%
why
54%
Yeah
53%
yeah
53%
meet
52%
sure
52%
needles
51%
pins
51%
Oh
48%
Pleased
48%
done
44%
Well
25%
No matching quizzes found
Score Distribution
Percent of People with Each Score
Percentile by Number Answered
Your Score History
You have not taken this quiz